[Event "Titled Tuesday intern op 25th Jan"]
[Site "Chess.com INT"]
[Date "2022.01.25"]
[Round "11"]
[White "Adebayo, Adegboyega"]
[Black "Djordjevic, Dejan N"]
[Result "1-0"]
[WhiteElo "2271"]
[BlackElo "2156"]
[PlyCount "97"]
[EventDate "2022.01.25"]
[EventType "swiss (blitz)"]
[EventRounds "11"]
[EventCountry "USA"]
[SourceTitle "CBM 206 Extra"]
[Source "ChessBase"]
[SourceDate "2022.03.31"]
[SourceVersion "1"]
[SourceVersionDate "2022.03.31"]
[SourceQuality "1"]

1. d4 Nf6 2. Bg5 e6 3. e4 d6 4. Nc3 Be7 5. f4 a6 6. Nf3 b5 7. Bd3 Bb7 8. a3 Nbd7 9. Qe2 c5 10. e5 dxe5 11. dxe5 Nd5 12. Nxd5 Bxd5 13. 0-0-0 c4 14. Be4 Nb6 15. h4 h6 16. Bxe7 Qxe7 17. f5 Qb7 18. Bxd5 Nxd5 19. fxe6 fxe6 20. Nd4 Nf4 21. Qg4 0-0 22. Nxe6 h5 23. Qxf4 Rxf4 24. Nxf4 Qe4 25. Nxh5 Qg4 26. Nxg7 Qxg7 27. g4 Qxe5 28. g5 Rf8 29. Kb1 c3 30. b3 Qc5 31. Ka2 a5 32. h5 a4 33. b4 Qc4+ 34. Kb1 Rf2 35. Rc1 Rg2 36. g6 Rg5 37. Rcd1 Rg2 38. h6 Qc7 39. Rdf1 Rxg6 40. h7+ Qxh7 41. Rxh7 Kxh7 42. Rf3 Rc6 43. Rf5 Kg6 44. Rxb5 Kf6 45. Ra5 Ke6 46. Rxa4 Kd5 47. Ka2 Rg6 48. Kb3 Rg3 49. Ra5+ 1-0

[Event "Lagos Chevron op 3rd"]
[Site "Lagos"]
[Date "2015.05.15"]
[Round "3"]
[White "Adebayo, Adegboyega"]
[Black "Akinola, Olufunmilayo"]
[Result "1-0"]
[WhiteElo "2272"]
[BlackElo "1739"]
[PlyCount "63"]
[EventDate "2015.05.14"]
[EventType "swiss"]
[EventRounds "7"]
[EventCountry "NGR"]
[SourceTitle "EXT 2018"]
[Source "ChessBase"]
[SourceDate "2017.10.13"]
[SourceVersion "1"]
[SourceVersionDate "2017.10.13"]
[SourceQuality "1"]

1. d4 d5 2. Nf3 Nf6 3. c4 e6 4. Nc3 c6 5. Bg5 h6 6. Bh4 Be7 7. e3 0-0 8. Bd3 dxc4 9. Bxc4 b5 10. Be2 a6 11. Ne5 Bd7 12. 0-0 Nd5 13. Bxe7 Qxe7 14. Rc1 Rc8 15. Ne4 Be8 16. Nc5 f6 17. Bg4 f5 18. Bf3 Nd7 19. Ncxd7 Bxd7 20. Rc5 Ra7 21. Qd2 Be8 22. Rfc1 Qd6 23. Qa5 Qc7 24. Qd2 Qd6 25. a3 g5 26. Bxd5 exd5 27. Qc2 Qe6 28. Nxc6 Rac7 29. Ne7+ Qxe7 30. Rxc7 Rxc7 31. Qxc7 Qxc7 32. Rxc7 1-0

[Event "Olympiad-37"]
[Site "Turin"]
[Date "2006.06.02"]
[Round "11"]
[White "Adebayo, Adegboyega"]
[Black "Goh, Wei Ming Kevin"]
[Result "1/2-1/2"]
[WhiteElo "2251"]
[BlackElo "2413"]
[PlyCount "67"]
[EventDate "2006.05.21"]
[EventType "team-swiss"]
[EventRounds "13"]
[EventCountry "ITA"]
[SourceTitle "CBM 113"]
[Source "ChessBase"]
[SourceDate "2006.07.31"]
[SourceVersion "1"]
[SourceVersionDate "2006.07.31"]
[SourceQuality "1"]
[WhiteTeam "Nigeria"]
[BlackTeam "Singapore"]
[WhiteTeamCountry "NGR"]
[BlackTeamCountry "SIN"]

1. d4 d5 2. Nf3 c6 3. Bf4 Qb6 4. Qc1 Nf6 5. e3 Bf5 6. Bd3 Bxd3 7. cxd3 Nbd7 8. 0-0 Nh5 9. Bg3 Nxg3 10. hxg3 g6 11. Nc3 Bg7 12. b4 e6 13. Rb1 Rc8 14. Na4 Qd8 15. Nc5 b6 16. Nxd7 Qxd7 17. Qc2 0-0 18. Rfc1 Qd6 19. a3 Rc7 20. Rb3 Rfc8 21. Rc3 Bf8 22. Ne5 c5 23. b5 Re8 24. f4 f6 25. Nc6 Qd7 26. a4 a6 27. Qb2 Bd6 28. Rb3 axb5 29. axb5 Qg7 30. dxc5 bxc5 31. Na5 Ra7 32. Nc6 Rc7 33. Na5 Ra7 34. Nc6 1/2-1/2

[Event "Olympiad-37"]
[Site "Turin"]
[Date "2006.05.25"]
[Round "5"]
[White "Adebayo, Adegboyega"]
[Black "Curi, Gabriel"]
[Result "0-1"]
[WhiteElo "2251"]
[BlackElo "2278"]
[PlyCount "104"]
[EventDate "2006.05.21"]
[EventType "team-swiss"]
[EventRounds "13"]
[EventCountry "ITA"]
[SourceTitle "CBM 113"]
[Source "ChessBase"]
[SourceDate "2006.07.31"]
[SourceVersion "1"]
[SourceVersionDate "2006.07.31"]
[SourceQuality "1"]
[WhiteTeam "Nigeria"]
[BlackTeam "Uruguay"]
[WhiteTeamCountry "NGR"]
[BlackTeamCountry "URU"]

1. e4 e6 2. d4 d5 3. Nc3 Bb4 4. e5 Ne7 5. Nf3 c5 6. dxc5 Nbc6 7. Bd3 d4 8. a3 Ba5 9. b4 Nxb4 10. axb4 Bxb4 11. Ra4 Bxc3+ 12. Bd2 Bd7 13. Rc4 Bc6 14. Bxc3 dxc3 15. 0-0 Ng6 16. Bxg6 hxg6 17. Rxc3 Qxd1 18. Rxd1 Rh5 19. Re3 Rc8 20. Rb1 Rd8 21. Ne1 Rh4 22. Rc3 Ra4 23. Nd3 g5 24. f3 Rdd4 25. h3 Kd7 26. Kf2 Kc7 27. Ke3 f6 28. Rcb3 a5 29. Nb2 Rab4 30. Nd3 Rxb3 31. Rxb3 Rd8 32. Ra3 Ra8 33. Kd4 Bb5 34. c4 Be8 35. Nf2 Bg6 36. exf6 gxf6 37. Ng4 e5+ 38. Kc3 Ra6 39. Rb3 e4 40. Kd4 exf3 41. Rxf3 Bh5 42. Rxf6 Bxg4 43. Rxa6 bxa6 44. hxg4 Kc6 45. Kc3 Kxc5 46. Kb3 a4+ 47. Kxa4 Kxc4 48. Ka5 Kd4 49. Kxa6 Ke3 50. Kb5 Kf2 51. Kc4 Kxg2 52. Kd3 Kf3 0-1

[Event "Olympiad-37"]
[Site "Turin"]
[Date "2006.05.23"]
[Round "3"]
[White "Adebayo, Adegboyega"]
[Black "Zambrana, Oswaldo"]
[Result "1/2-1/2"]
[WhiteElo "2251"]
[BlackElo "2425"]
[PlyCount "116"]
[EventDate "2006.05.21"]
[EventType "team-swiss"]
[EventRounds "13"]
[EventCountry "ITA"]
[SourceTitle "CBM 113"]
[Source "ChessBase"]
[SourceDate "2006.07.31"]
[SourceVersion "1"]
[SourceVersionDate "2006.07.31"]
[SourceQuality "1"]
[WhiteTeam "Nigeria"]
[BlackTeam "Bolivia"]
[WhiteTeamCountry "NGR"]
[BlackTeamCountry "BOL"]

1. e4 c5 2. Nf3 d6 3. Bb5+ Bd7 4. Qe2 Nc6 5. c3 e5 6. 0-0 Be7 7. Rd1 a6 8. Ba4 Nf6 9. d4 b5 10. dxe5 dxe5 11. Bc2 0-0 12. Nbd2 Qc7 13. Nf1 Rac8 14. Ne3 Nd4 15. cxd4 cxd4 16. Nd5 Nxd5 17. exd5 Qxc2 18. Qxc2 Rxc2 19. Nxe5 Rd8 20. Nxd7 Rxd7 21. Rxd4 Bf6 22. Rd1 Bxb2 23. Bxb2 Rxb2 24. g3 Kf8 25. Rd3 Rc2 26. d6 Rc6 27. Rad1 Ke8 28. Kg2 Rb7 29. Re1+ Kd8 30. h4 b4 31. Re4 a5 32. Re5 Ra6 33. Rde3 Raa7 34. Rd5 a4 35. Rd4 Rb5 36. Re1 Rab7 37. Rb1 Kd7 38. Kf3 R7b6 39. Ke3 h5 40. Rb2 Rb8 41. Kd3 R5b6 42. Ke3 g6 43. Rb1 Rb5 44. Rb2 R8b6 45. Rb1 Re5+ 46. Kd3 Reb5 47. Ke3 Rb8 48. Rb2 R5b6 49. Rb1 f6 50. f4 f5 51. Rb2 Re8+ 52. Kd3 Reb8 53. Ke3 a3 54. Rb3 Rc6 55. Kd3 Rcb6 56. Ke3 Rc6 57. Kd3 Rc3+ 58. Rxc3 bxc3 1/2-1/2

[Event "Olympiad-37"]
[Site "Turin"]
[Date "2006.05.22"]
[Round "2"]
[White "Adebayo, Adegboyega"]
[Black "Akopian, Vladimir Eduardovic"]
[Result "0-1"]
[WhiteElo "2251"]
[BlackElo "2706"]
[PlyCount "88"]
[EventDate "2006.05.21"]
[EventType "team-swiss"]
[EventRounds "13"]
[EventCountry "ITA"]
[SourceTitle "CBM 113"]
[Source "ChessBase"]
[SourceDate "2006.07.31"]
[SourceVersion "1"]
[SourceVersionDate "2006.07.31"]
[SourceQuality "1"]
[WhiteTeam "Nigeria"]
[BlackTeam "Armenia"]
[WhiteTeamCountry "NGR"]
[BlackTeamCountry "ARM"]

1. e4 c5 2. Nf3 Nc6 3. Bb5 d6 4. 0-0 Bd7 5. Re1 a6 6. Bf1 Bg4 7. c3 d5 8. d3 e6 9. Nbd2 Nf6 10. Qb3 dxe4 11. dxe4 Qc7 12. a4 0-0-0 13. Qc2 Bd6 14. h3 Bh5 15. Be2 Bf4 16. Nf1 Kb8 17. b3 Bxc1 18. Raxc1 Qf4 19. Ng3 Bxf3 20. Bxf3 Rd2 21. Qb1 Ne5 22. Re3 Rxf2 23. Kxf2 Nfg4+ 24. hxg4 Nxg4+ 25. Kf1 Nxe3+ 26. Ke2 Qxg3 27. Kxe3 g5 28. b4 g4 29. bxc5 gxf3 30. gxf3 Qg5+ 31. Ke2 Qxc5 32. Qb4 Qc7 33. Rd1 Ka8 34. Rd6 h5 35. Qd4 Rc8 36. Rd7 Qh2+ 37. Kd3 f5 38. exf5 exf5 39. Qd5 Qb2 40. c4 Qb3+ 41. Kd4 f4 42. Ke5 Rxc4 43. Rxb7 Qc3+ 44. Kd6 Rd4 0-1

[Event "Olympiad-37"]
[Site "Turin"]
[Date "2006.05.21"]
[Round "1"]
[White "Nadir, Samir"]
[Black "Adebayo, Adegboyega"]
[Result "0-1"]
[WhiteElo "2180"]
[BlackElo "2251"]
[PlyCount "74"]
[EventDate "2006.05.21"]
[EventType "team-swiss"]
[EventRounds "13"]
[EventCountry "ITA"]
[SourceTitle "CBM 113"]
[Source "ChessBase"]
[SourceDate "2006.07.31"]
[SourceVersion "1"]
[SourceVersionDate "2006.07.31"]
[SourceQuality "1"]
[WhiteTeam "Sudan"]
[BlackTeam "Nigeria"]
[WhiteTeamCountry "SUD"]
[BlackTeamCountry "NGR"]

1. c4 c5 2. Nc3 Nc6 3. g3 g6 4. Bg2 Bg7 5. e3 e6 6. Nge2 Nge7 7. d4 cxd4 8. exd4 d5 9. 0-0 0-0 10. Bg5 Qa5 11. c5 Nf5 12. Be3 b6 13. cxb6 axb6 14. a3 b5 15. b4 Qb6 16. a4 bxa4 17. b5 Ncxd4 18. Nxd4 Bxd4 19. Nxa4 Rxa4 20. Rxa4 Bxe3 21. fxe3 Nxe3 22. Qd4 Qxd4 23. Rxd4 Nxf1 24. Kxf1 Kg7 25. Ke2 Kf6 26. Kd3 Ke5 27. Rh4 Kd6 28. Rxh7 Kc5 29. h4 Bd7 30. Ke3 e5 31. b6 d4+ 32. Kd3 Kxb6 33. Bd5 Bf5+ 34. Kc4 d3 35. Kc3 Rc8+ 36. Kb4 d2 37. Rxf7 d1Q 0-1

[Event "Africa-chT rapid"]
[Site "Abuja"]
[Date "2003.10.16"]
[Round "2"]
[White "Adebayo, Adegboyega"]
[Black "Simutowe, Amon"]
[Result "1/2-1/2"]
[WhiteElo "2248"]
[BlackElo "2424"]
[PlyCount "80"]
[EventDate "2003.10.05"]
[EventType "team-swiss (rapid)"]
[EventRounds "9"]
[EventCountry "NGR"]
[SourceTitle "EXT 2008"]
[Source "ChessBase"]
[SourceDate "2007.11.25"]
[SourceVersion "1"]
[SourceVersionDate "2007.11.25"]
[SourceQuality "1"]

1. d4 Nf6 2. Nc3 e6 3. e4 c5 4. d5 exd5 5. exd5 d6 6. Nf3 Be7 7. Be2 0-0 8. 0-0 Na6 9. Nd2 Nc7 10. Nc4 b5 11. Ne3 Rb8 12. Bf3 b4 13. Ne4 g6 14. Re1 Nfe8 15. a3 a5 16. axb4 axb4 17. Nc4 f5 18. Ned2 Bb7 19. Na5 Ba8 20. Ndc4 Nf6 21. Nc6 Bxc6 22. dxc6 Nb5 23. Ne3 Kg7 24. Nd5 Nxd5 25. Bxd5 Bf6 26. Qd2 Qc7 27. Qh6+ Kh8 28. Qh4 Nd4 29. c3 Rfe8 30. Kf1 bxc3 31. bxc3 Kg7 32. Rb1 Rf8 33. Rxb8 Rxb8 34. Rd1 Rc8 35. Ke1 Qxc6 36. Bg8 Kf8 37. Qxf6+ Ke8 38. Qxd6 Qf3 39. h3 f4 40. Be3 c4 1/2-1/2